Cam Jansen the snowy day mystery : 24

Bibliographic Details
Main Author: Adler, David A
Other Authors: Natti, Susanna
Format: Book
Published: New York : Puffin Books , 2004
Series:The Cam Jansen adventure series
Subjects:

MARC

LEADER 00000cam a2200000 7i4500
001 0000010937
005 20151222.0
008 071101
020 |a 0142404179 
090 0 0 |a JF   |b AD ENG (8484) 
100 1 |a Adler, David A 
245 1 0 |a Cam Jansen the snowy day mystery :   |b 24   |c David A. Adler;illustrated by Susanna Natti 
260 |a New York :   |b Puffin Books ,   |c 2004 
440 4 |a The Cam Jansen adventure series 
500 |a Children ages 7-9 years old (orange) 
650 0 |a Junior fiction   |x English   |x Languages 
650 0 |a Memory   |x Fiction 
650 0 |a Mystery and detective stories 
650 0 |a Schools   |x Fiction 
700 1 |a Natti, Susanna 
999 |a 0000999765   |b Book   |c Children Collection   |e Perbadanan Perpustakaan Awam Johor 
999 |a 0000999766   |b Book   |c Children Collection   |e Perbadanan Perpustakaan Awam Johor 
999 |a 0000999767   |b Book   |c Children Collection   |e Perbadanan Perpustakaan Awam Johor